00814nas a2200229Ia 4500001001100000003000900011008004100020040001300061040001300074041001300087100004700100210002000147222002000167245012400187250001100311260002800322501008600350300002000436362004500456500004700501650003600548R012/42584IT-RoPAU151124c99999999xx |||||||||||| ||und|| aIT-RoPAU cIT-RoPAU aITALIANO aGrosoli FabriziogCodice Aut. SPICS: 5776 aCINEMA & CINEMA aCinema & Cinema aCINEMA & CINEMA, ANNO 05-N.16/17 (LUGLIO-DICEMBRE 1978)bCinema/Storia: Memoria Del Passato E Lettura Del Contemporaneo a1a ed. aVENEZIAbMARSILIOc1978 bPaulus - SPICS - Società San Paolo EM (non-commercial uses only)cCopyright2015 a12 p. [117-128] aANNO 005, N.16/17 (LUGLIO-DICEMBRE 1978) aNote Critiche Sul Cinema Francese Anni 70. aCINEMAvPUBBLICAZIONE PERIODICA